Jump-start adventures 6th grade. (Record no. 108950)
[ view plain ]
| 000 -LEADER | |
|---|---|
| fixed length control field | 00436nam a2200145 a 4500 |
| 005 - DATE AND TIME OF LATEST TRANSACTION | |
| control field | 20140414093835.0 |
| 008 - FIXED-LENGTH DATA ELEMENTS--GENERAL INFORMATION | |
| fixed length control field | 030619s19uu xx 00 eng d |
| 050 ## - LIBRARY OF CONGRESS CALL NUMBER | |
| Classification number | CDR 001 |
| Item number | JUM 1997 |
| 245 ## - TITLE STATEMENT | |
| Title | Jump-start adventures 6th grade. |
| 500 ## - GENERAL NOTE | |
| General note | "There's no stopping a kid with JumpStart!"--Cover. |
| 520 ## - SUMMARY, ETC. | |
| Summary, etc | "Knowledge adventure"--Cover. |
| 650 ## - SUBJECT ADDED ENTRY--TOPICAL TERM | |
| Topical term or geographic name as entry element | Interactive videos |
| General subdivision | question and answer. |
| 942 ## - ADDED ENTRY ELEMENTS (KOHA) | |
| Koha item type | Audio Visual Materials |
| Withdrawn status | Lost status | Damaged status | Home library | Current library | Shelving location | Date acquired | Source of acquisition | Total Checkouts | Full call number | Barcode | Date last seen | Price effective from | Koha item type |
|---|---|---|---|---|---|---|---|---|---|---|---|---|---|
| Luxembourg Library | Luxembourg Library | Audio Visual Material Section | 06/19/2003 | CDR 001 JUM 1997 | AV0435 | 04/14/2014 | 04/14/2014 | Audio Visual Materials |